00641nam a2200133 a 450000500170000000800410001705000190005810000170007724500170009426000710011150000250018252002890020765000110049620140414093832.0030923s19uu xx 00 eng d aVHS 800bOR 23 aShadyac, Tom aPatch Adams. bUniversal Pictures; distributed by MagnaVision, Cubao, Q.C,c1997. a"A Tom Shadyac Film" asummary: a doctor who does not look, act or think like any doctor you've met before. For Patch, humor is the best medicine, and he's willing to do just about anything to make his patients laugh--even if it means risking hiw own career. "Based on a true story, an academy awar winner." aMovie.